000 00633nmm a2200169Ia 4500
008 251105s9999||||xx |||||||||||||||||und||
020 _a9789587386370
041 _aspa
100 _aMercado Gazabón, Ana Carolina
245 0 _aLa influencia de León Duguit en la reforma social de 1936 en Colombia : El sistema jurídico, la función social de la propiedad y la teoría de los servicios públicos
264 _a[Bogotá, Colombia] :
_bUniversidad del Rosario,
_c2015
300 _a94 páginas
490 _aTextos de Jurisprudencia
650 _aLaw
856 _uhttps://public.digitaliapublishing.com/a/46531
942 _cCF
999 _c95835
_d95835